[Event "Rio de Janeiro op 2nd"]
[Site "Rio de Janeiro"]
[Date "2023.05.02"]
[Round "1"]
[White "Medeiros, Jose Afonso"]
[Black "Mariano, Marceley Martins"]
[Result "0-1"]
[WhiteElo "1181"]
[BlackElo "2037"]
[PlyCount "150"]
[EventDate "2023.05.02"]
[EventType "swiss"]
[EventRounds "9"]
[EventCountry "BRA"]
[SourceTitle "CBM 214 Extra"]
[Source "ChessBase"]
[SourceDate "2023.07.31"]
[SourceVersion "1"]
[SourceVersionDate "2023.07.31"]
[SourceQuality "1"]

1. e4 c5 2. Nf3 d6 3. Bb5+ Nc6 4. 0-0 Bd7 5. c3 a6 6. Ba4 b5 7. Bc2 c4 8. Re1 Qc7 9. d3 cxd3 10. Qxd3 g6 11. Bf4 Bg7 12. Nbd2 Nf6 13. e5 dxe5 14. Nxe5 Nxe5 15. Bxe5 Qc6 16. Qe2 0-0 17. Ne4 Rae8 18. Bd4 Bc8 19. Rad1 Nh5 20. Qe3 Bb7 21. f3 Rd8 22. Nf2 Bxd4 23. Rxd4 Rxd4 24. Qxd4 Qc7 25. Ng4 f6 26. Qe3 e5 27. Bb3+ Kh8 28. Rd1 Bc8 29. Nf2 Kg7 30. Ne4 Nf4 31. Qc5 Qxc5+ 32. Nxc5 a5 33. Ne4 a4 34. Bc2 Be6 35. a3 Nd5 36. Kf2 f5 37. Nc5 Kf6 38. Nd7+ Bxd7 39. Rxd5 Ke6 40. Rd2 Bc6 41. Ke3 Bd5 42. Bd3 Bc4 43. Bxc4+ bxc4 44. h3 Rb8 45. g3 Rb7 46. Rh2 Rd7 47. h4 Rd3+ 48. Ke2 Kd5 49. h5 g5 50. h6 Ke6 51. Rh5 Kf6 52. Rh1 e4 53. fxe4 fxe4 54. Rf1+ Kg6 55. g4 Rg3 56. Rf5 Rxg4 57. Rc5 Kxh6 58. Rxc4 Rg2+ 59. Ke3 Rxb2 60. Rxe4 Rb3 61. Rxa4 Rxc3+ 62. Kf2 Kh5 63. Ra7 h6 64. Kg2 Kh4 65. Rh7 h5 66. a4 Rc2+ 67. Kf3 g4+ 68. Ke3 Ra2 69. Ra7 Kh3 70. Rh7 h4 71. Rb7 Ra3+ 72. Ke2 Rxa4 73. Rb1 Kh2 74. Kf1 Rf4+ 75. Ke2 g3 0-1

[Event "Florianopolis op 9th"]
[Site "Florianopolis"]
[Date "2023.01.27"]
[Round "7"]
[White "Oviedo Acosta, Paula"]
[Black "Mariano, Marceley Martins"]
[Result "1-0"]
[WhiteElo "1836"]
[BlackElo "2089"]
[PlyCount "94"]
[EventDate "2023.01.23"]
[EventType "swiss"]
[EventRounds "10"]
[EventCountry "BRA"]
[SourceTitle "CBM 212 Extra"]
[Source "ChessBase"]
[SourceDate "2023.03.31"]
[SourceVersion "1"]
[SourceVersionDate "2023.03.31"]
[SourceQuality "1"]

1. e4 c5 2. Nf3 d6 3. d4 cxd4 4. Nxd4 Nf6 5. Nc3 a6 6. Bg5 e6 7. f4 Be7 8. Qf3 Qc7 9. 0-0-0 Nbd7 10. g4 b5 11. Bxf6 gxf6 12. f5 Ne5 13. Qh3 0-0 14. Nce2 Kh8 15. Nf4 Rg8 16. fxe6 fxe6 17. Nfxe6 Bxe6 18. Nxe6 Qd7 19. Qb3 Rxg4 20. Be2 Rg2 21. Nf4 Rg7 22. Rhf1 f5 23. exf5 Bg5 24. Kb1 Bxf4 25. Rxf4 Rf8 26. Bd3 Rf6 27. a4 bxa4 28. Rxa4 Nxd3 29. Rxd3 Qxf5 30. Rxa6 Rg8 31. Ra7 Qc5 32. Rxh7+ Kxh7 33. Rh3+ Rh6 34. Rxh6+ Kxh6 35. Qxg8 d5 36. b3 Qd4 37. Qg3 Qe4 38. Kb2 Qd4+ 39. Qc3 Qe4 40. Qh3+ Kg5 41. Qg3+ Kh6 42. h4 Qd4+ 43. Qc3 Qe4 44. Qf6+ Kh7 45. h5 Qg2 46. Qg6+ Qxg6 47. hxg6+ Kxg6 1-0

[Event "BRA-ch 87th"]
[Site "Cuiaba"]
[Date "2021.11.01"]
[Round "7"]
[White "Mariano, Marceley Martins"]
[Black "Proudian, Armen"]
[Result "0-1"]
[WhiteElo "2095"]
[BlackElo "2427"]
[PlyCount "74"]
[EventDate "2021.10.28"]
[EventType "swiss"]
[EventRounds "11"]
[EventCountry "BRA"]
[SourceTitle "CBM 205 Extra"]
[Source "ChessBase"]
[SourceDate "2022.01.31"]
[SourceVersion "1"]
[SourceVersionDate "2022.01.31"]
[SourceQuality "1"]

1. e4 e5 2. Nf3 Nc6 3. Bb5 a6 4. Ba4 Nge7 5. c3 g6 6. d3 Bg7 7. h4 d5 8. Qe2 Bg4 9. Be3 0-0 10. Nbd2 d4 11. cxd4 Nxd4 12. Bxd4 exd4 13. 0-0-0 b5 14. Bc2 c5 15. Kb1 Nc6 16. Bb3 Rc8 17. Rc1 Qd6 18. Qf1 a5 19. Nh2 Bd7 20. f4 a4 21. Bd1 a3 22. e5 Qe7 23. b3 Nb4 24. Ne4 c4 25. dxc4 Bf5 26. Bf3 bxc4 27. bxc4 Qb7 28. Qe2 Nd3+ 29. Kc2 Nxf4 30. Kd1 Nxe2 31. Nf6+ Bxf6 32. Bxb7 Nxc1 33. Bxc8 Rxc8 34. exf6 Nxa2 35. g4 Be4 36. Re1 Nc3+ 37. Kd2 a2 0-1

[Event "Caldas Novas op 1st"]
[Site "Caldas Novas"]
[Date "2017.03.12"]
[Round "5"]
[White "Valcarcel, Victor Ignacio Sant"]
[Black "Mariano, Marceley Martins"]
[Result "0-1"]
[WhiteElo "1574"]
[BlackElo "2098"]
[PlyCount "66"]
[EventDate "2017.03.10"]
[EventType "swiss"]
[EventRounds "6"]
[EventCountry "BRA"]
[SourceTitle "CBM 177 Extra"]
[Source "ChessBase"]
[SourceDate "2017.04.27"]
[SourceVersion "1"]
[SourceVersionDate "2017.04.27"]
[SourceQuality "1"]

1. e4 c5 2. Nf3 d6 3. c3 e5 4. Be2 Nf6 5. 0-0 Nc6 6. d3 Be6 7. Re1 Be7 8. Nbd2 0-0 9. Nf1 Nd7 10. Ng3 f5 11. exf5 Bxf5 12. Be3 Be6 13. d4 exd4 14. cxd4 Nf6 15. Bb5 Bg4 16. dxc5 dxc5 17. Qb3+ Kh8 18. Bxc6 bxc6 19. Ne5 Qd5 20. Qc3 Rad8 21. f3 Bc8 22. Rad1 Qxd1 23. Rxd1 Rxd1+ 24. Kf2 Rd5 25. Ke2 Ba6+ 26. Nc4 Rfd8 27. b3 Re8 28. Kf2 Bd8 29. Bf4 Rd1 30. Nd6 Nd5 31. Qc2 Ree1 32. Qf5 Bf6 33. Nge4 Bh4+ 0-1

[Event "Caldas Novas op 1st"]
[Site "Caldas Novas"]
[Date "2017.03.11"]
[Round "3"]
[White "Fontenelle, Reinaldo Resende"]
[Black "Mariano, Marceley Martins"]
[Result "0-1"]
[WhiteElo "1907"]
[BlackElo "2098"]
[PlyCount "84"]
[EventDate "2017.03.10"]
[EventType "swiss"]
[EventRounds "6"]
[EventCountry "BRA"]
[SourceTitle "CBM 177 Extra"]
[Source "ChessBase"]
[SourceDate "2017.04.27"]
[SourceVersion "1"]
[SourceVersionDate "2017.04.27"]
[SourceQuality "1"]

1. e4 c5 2. Nf3 d6 3. d4 cxd4 4. Nxd4 Nf6 5. Nc3 a6 6. h3 e5 7. Nde2 Be6 8. g4 Nbd7 9. Bg2 Rc8 10. 0-0 b5 11. Be3 Bxg4 12. hxg4 Nxg4 13. Ng3 Qh4 14. Re1 h5 15. Nf5 Qh2+ 16. Kf1 Rc6 17. Nd5 g6 18. Nb4 gxf5 19. Nxc6 f4 20. Bd2 Rg8 21. Qf3 Qh4 22. Ke2 Nc5 23. Rh1 Qg5 24. Bh3 Qg6 25. Raf1 Nxe4 26. Nb4 a5 27. Nd3 b4 28. Bg2 d5 29. Rhg1 Nef6 30. Qh3 f3+ 31. Bxf3 e4 32. Bxg4 exd3+ 33. cxd3 hxg4 34. Qe3+ Be7 35. Rc1 Kf8 36. Qe5 Kg7 37. Rc7 Bd8 38. Kd1 Bxc7 39. Qxc7 Qxd3 40. Qe5 Qb1+ 41. Bc1 Rc8 42. Rxg4+ Kf8 0-1

[Event "Rio Verde Fexeg Cup"]
[Site "Rio Verde"]
[Date "2012.10.20"]
[Round "4"]
[White "Sergio Filho, Claudio Santos"]
[Black "Mariano, Marceley Martins"]
[Result "0-1"]
[WhiteElo "1895"]
[BlackElo "2091"]
[PlyCount "58"]
[EventDate "2012.10.19"]
[EventType "swiss"]
[EventRounds "6"]
[EventCountry "BRA"]
[SourceTitle "EXT 2014"]
[Source "ChessBase"]
[SourceDate "2013.11.20"]
[SourceVersion "1"]
[SourceVersionDate "2013.11.20"]
[SourceQuality "1"]

1. c4 f5 2. Nc3 g6 3. g3 Bg7 4. Bg2 c6 5. d4 d6 6. Nf3 Nf6 7. 0-0 0-0 8. b4 Be6 9. Qd3 Kh8 10. Rb1 d5 11. c5 f4 12. Qd1 Bf5 13. Rb2 fxg3 14. hxg3 Nbd7 15. Bf4 Nh5 16. Be5 Nxe5 17. Nxe5 Bxe5 18. dxe5 Qc7 19. Qd4 Ng7 20. f4 Rad8 21. Rd1 Bg4 22. b5 Nf5 23. Qd3 Qa5 24. Kf2 Qa3 25. Rdd2 Qxc5+ 26. Ke1 Qg1+ 27. Bf1 Nxg3 28. e3 Nxf1 29. Qxf1 Qxe3+ 0-1

[Event "Anapolis Interior-ch"]
[Site "Anapolis"]
[Date "2012.08.05"]
[Round "5"]
[White "De Oliveira, Aquiles Machado"]
[Black "Mariano, Marceley Martins"]
[Result "1-0"]
[WhiteElo "2061"]
[BlackElo "2095"]
[PlyCount "125"]
[EventDate "2012.08.03"]
[EventType "swiss"]
[EventRounds "6"]
[EventCountry "BRA"]
[SourceTitle "EXT 2014"]
[Source "ChessBase"]
[SourceDate "2013.11.20"]
[SourceVersion "1"]
[SourceVersionDate "2013.11.20"]
[SourceQuality "1"]

1. Nf3 d5 2. g3 Bg4 3. Bg2 Bxf3 4. Bxf3 e5 5. c4 e4 6. Bg2 c6 7. cxd5 cxd5 8. Qb3 Qd7 9. Nc3 Nf6 10. 0-0 Be7 11. d3 Na6 12. dxe4 dxe4 13. Nxe4 Nxe4 14. Bxe4 Nc5 15. Qc2 Nxe4 16. Qxe4 0-0 17. Be3 Bf6 18. Rad1 Qb5 19. Rd2 Rae8 20. Qd3 Qa5 21. Qb3 Re5 22. Rfd1 Rb5 23. Rd5 Rxb3 24. Rxa5 Rxb2 25. Rxa7 b5 26. Rd2 Rb8 27. Rxb2 Bxb2 28. Bf4 Rd8 29. Rb7 f6 30. Rxb5 Rd1+ 31. Kg2 Bc3 32. Rb3 Be1 33. Rd3 Ra1 34. Rd8+ Kf7 35. Ra8 g5 36. Bc7 Rc1 37. Ra7 Ke6 38. a4 Rc2 39. Bb6 Kd5 40. e4+ Ke6 41. a5 h5 42. a6 Rc8 43. Rb7 Bb4 44. a7 Bd6 45. Bc7 Bxc7 46. Rxc7 Ra8 47. f4 gxf4 48. gxf4 Kd6 49. Rb7 Kc6 50. Rf7 Kc5 51. Kf3 Kd4 52. Rd7+ Kc5 53. Ke3 Kc6 54. Rf7 Kc5 55. Rxf6 Rxa7 56. Rf5+ Kc4 57. Rxh5 Ra3+ 58. Kf2 Kd4 59. Re5 Ra2+ 60. Kg3 Ke3 61. f5 Ra1 62. f6 Rg1+ 63. Kh4 1-0

[Event "Anapolis Interior-ch"]
[Site "Anapolis"]
[Date "2012.08.04"]
[Round "4"]
[White "Mariano, Marceley Martins"]
[Black "Wilhelms, Diego Lima"]
[Result "1/2-1/2"]
[WhiteElo "2095"]
[BlackElo "2155"]
[PlyCount "21"]
[EventDate "2012.08.03"]
[EventType "swiss"]
[EventRounds "6"]
[EventCountry "BRA"]
[SourceTitle "EXT 2014"]
[Source "ChessBase"]
[SourceDate "2013.11.20"]
[SourceVersion "1"]
[SourceVersionDate "2013.11.20"]
[SourceQuality "1"]

1. e4 e5 2. Nf3 Nf6 3. Nc3 Nc6 4. Bc4 Nxe4 5. Bxf7+ Kxf7 6. Nxe4 Be7 7. 0-0 d5 8. Ng3 Rf8 9. d3 Kg8 10. Re1 Bg4 11. Re3 1/2-1/2

[Event "Goias zt"]
[Site "Itaborai"]
[Date "2012.04.21"]
[Round "3"]
[White "De Paula, Guilherme Bueno"]
[Black "Mariano, Marceley Martins"]
[Result "1-0"]
[WhiteElo "2032"]
[BlackElo "2088"]
[PlyCount "55"]
[EventDate "2012.04.20"]
[EventType "swiss"]
[EventRounds "6"]
[EventCountry "BRA"]
[SourceTitle "CBM 148 Extra"]
[Source "ChessBase"]
[SourceDate "2012.06.22"]
[SourceVersion "1"]
[SourceVersionDate "2012.06.22"]
[SourceQuality "1"]

1. c4 e5 2. g3 c5 3. Bg2 Nc6 4. Nc3 d6 5. Nf3 Be6 6. d3 h5 7. a3 Be7 8. Rb1 h4 9. b4 hxg3 10. hxg3 Rxh1+ 11. Bxh1 Qd7 12. b5 Nd4 13. Nxd4 exd4 14. Nd5 Nf6 15. Nxe7 Kxe7 16. Bg5 Rh8 17. Kd2 Rh5 18. f4 Rxg5 19. fxg5 Ng4 20. Qa4 b6 21. Bc6 Qc7 22. Rh1 d5 23. Rh8 Bd7 24. Bxd7 Qxg3 25. Bxg4 a5 26. bxa6 Qxg4 27. Qe8+ Kd6 28. Qd8+ 1-0

[Event "BRA-ch Amateur"]
[Site "Goiania"]
[Date "2012.02.18"]
[Round "2"]
[White "Mariano, Marceley Martins"]
[Black "Garcia, Gabriel Gonzaga"]
[Result "0-1"]
[WhiteElo "2084"]
[BlackElo "1885"]
[PlyCount "94"]
[EventDate "2012.02.18"]
[EventType "swiss"]
[EventRounds "7"]
[EventCountry "BRA"]
[SourceTitle "CBM 147 Extra"]
[Source "ChessBase"]
[SourceDate "2012.04.24"]
[SourceVersion "1"]
[SourceVersionDate "2012.04.24"]
[SourceQuality "1"]

1. b3 e5 2. e4 Nf6 3. Qe2 Nc6 4. Nf3 Bc5 5. h3 b6 6. Bb2 Qe7 7. Nc3 Nd4 8. Nxd4 Bxd4 9. g3 Bb7 10. Bg2 0-0 11. 0-0 Rfd8 12. Kh2 b5 13. Qxb5 Bxe4 14. Nxe4 c6 15. Nxf6+ Qxf6 16. Qe2 Bxb2 17. Rab1 Bd4 18. c4 Bb6 19. f4 Re8 20. fxe5 Qxe5 21. Qf3 f6 22. d4 Qe2 23. Qf5 Qe6 24. Qf3 Qe2 25. Rf2 Qxf3 26. Bxf3 Re3 27. Rc1 Rae8 28. Bg4 R8e7 29. Rcc2 Bc7 30. Bf3 Rd3 31. Kg2 Ree3 32. d5 cxd5 33. a4 dxc4 34. Rxc4 Bb6 35. h4 d5 36. Rc6 Re1 37. Bh5 g6 38. Re2 Rg1+ 39. Kh2 Rgxg3 40. Re7 Rh3+ 41. Kg2 Rdg3+ 42. Kf1 Rh1+ 43. Ke2 Rh2+ 44. Kd1 Rg1+ 45. Re1 Rxe1+ 46. Kxe1 gxh5 47. Rxf6 Rxh4 0-1

[Event "Goiano-ch"]
[Site "Goiania"]
[Date "2011.12.11"]
[Round "8.5"]
[White "Santos, Luciano da Silva"]
[Black "Mariano, Marceley Martins"]
[Result "0-1"]
[WhiteElo "1989"]
[BlackElo "2076"]
[PlyCount "76"]
[EventDate "2011.12.03"]
[EventType "tourn"]
[EventRounds "9"]
[EventCountry "BRA"]
[SourceTitle "EXT 2022"]
[Source "ChessBase"]
[SourceDate "2021.10.06"]
[SourceVersion "1"]
[SourceVersionDate "2021.10.06"]
[SourceQuality "1"]

1. c4 b6 2. Nf3 Bb7 3. d4 f5 4. g3 e6 5. Bg2 Nf6 6. 0-0 Be7 7. Nc3 0-0 8. e3 Ne4 9. Nd2 Nxc3 10. bxc3 Bxg2 11. Kxg2 g5 12. f4 g4 13. e4 Rf6 14. Qe2 Rh6 15. Bb2 Rh3 16. Rf2 h5 17. Rg1 h4 18. Kf1 Nc6 19. Nb3 a5 20. a4 Qf8 21. d5 Nb8 22. Rfg2 Kf7 23. exf5 exf5 24. Qe5 Kg6 25. Qxc7 Qd8 26. Qe5 Bf6 27. Qe2 Qc7 28. Nd4 hxg3 29. hxg3 Na6 30. Qd3 Bxd4 31. cxd4 Nb4 32. Qc3 Re8 33. Rd2 Rc8 34. c5 Nxd5 35. Qc1 Qc6 36. Re2 Qxa4 37. Re5 Qb3 38. Qb1 Ne3+ 0-1

[Event "Goiano-ch"]
[Site "Goiania"]
[Date "2011.12.04"]
[Round "4.3"]
[White "De Paula, Guilherme Bueno"]
[Black "Mariano, Marceley Martins"]
[Result "1/2-1/2"]
[WhiteElo "2033"]
[BlackElo "2076"]
[PlyCount "81"]
[EventDate "2011.12.03"]
[EventType "tourn"]
[EventRounds "9"]
[EventCountry "BRA"]
[SourceTitle "EXT 2022"]
[Source "ChessBase"]
[SourceDate "2021.10.06"]
[SourceVersion "1"]
[SourceVersionDate "2021.10.06"]
[SourceQuality "1"]

1. g3 c5 2. Bg2 d5 3. f4 Nc6 4. Nf3 Bg4 5. d3 Bxf3 6. Bxf3 e6 7. c3 f5 8. e4 dxe4 9. dxe4 Qxd1+ 10. Kxd1 0-0-0+ 11. Kc2 Nge7 12. Be3 fxe4 13. Bxe4 Nd5 14. Bf2 Be7 15. Na3 a6 16. Nc4 Kc7 17. Rad1 b5 18. Ne3 Nf6 19. Bf3 h5 20. Rxd8 Rxd8 21. Re1 Bd6 22. Nf1 Re8 23. Nd2 Nd8 24. Ne4 Nxe4 25. Bxe4 Rf8 26. h4 e5 27. f5 Nf7 28. Be3 Nd8 29. Rf1 c4 30. b3 Nc6 31. bxc4 bxc4 32. Bd5 Ne7 33. Be6 Kc6 34. Bg5 Nd5 35. Rd1 Nb6 36. Be3 Bc5 37. Bxc5 Kxc5 38. Rd2 Rf6 39. Re2 Kd6 40. Rd2+ Kc5 41. Re2 1/2-1/2

[Event "Goiano-ch"]
[Site "Goiania"]
[Date "2011.12.04"]
[Round "5.3"]
[White "Mariano, Marceley Martins"]
[Black "Sergio Filho, Claudio Santos"]
[Result "1-0"]
[WhiteElo "2076"]
[BlackElo "2070"]
[PlyCount "87"]
[EventDate "2011.12.03"]
[EventType "tourn"]
[EventRounds "9"]
[EventCountry "BRA"]
[SourceTitle "EXT 2022"]
[Source "ChessBase"]
[SourceDate "2021.10.06"]
[SourceVersion "1"]
[SourceVersionDate "2021.10.06"]
[SourceQuality "1"]

1. b3 f5 2. f4 Nf6 3. Nf3 d5 4. e3 e6 5. Bb5+ c6 6. Be2 Bd6 7. 0-0 0-0 8. Ba3 Bxa3 9. Nxa3 Qd6 10. Nb1 Nbd7 11. d4 b5 12. c4 bxc4 13. bxc4 dxc4 14. Bxc4 Nb6 15. Bd3 Nbd5 16. Re1 Rb8 17. Nbd2 Bd7 18. Ne5 Rfc8 19. Nb3 Be8 20. Rc1 Bh5 21. Qd2 Nd7 22. Nxd7 Qxd7 23. Nc5 Qd6 24. Ba6 Rc7 25. a4 h6 26. a5 g5 27. g3 Rg7 28. Rf1 Kh7 29. Bd3 gxf4 30. exf4 Rbg8 31. Rce1 Qd8 32. Rf2 Qh4 33. Bf1 Bf7 34. Nxe6 Bxe6 35. Rxe6 Nf6 36. Bg2 Rxg3 37. hxg3 Rxg3 38. Qb4 Nd5 39. Qb7+ Rg7 40. Qb1 Qh3 41. Qc1 Nb4 42. Qe3 Qg4 43. Re7 Qd1+ 44. Rf1 1-0

[Event "Goiania op"]
[Site "Goiania"]
[Date "2011.09.18"]
[Round "5"]
[White "De Oliveira, Kenner Martins"]
[Black "Mariano, Marceley Martins"]
[Result "0-1"]
[WhiteElo "1810"]
[BlackElo "2069"]
[PlyCount "72"]
[EventDate "2011.09.16"]
[EventType "swiss"]
[EventRounds "6"]
[EventCountry "BRA"]
[SourceTitle "EXT 2014"]
[Source "ChessBase"]
[SourceDate "2013.11.20"]
[SourceVersion "1"]
[SourceVersionDate "2013.11.20"]
[SourceQuality "1"]

1. e4 c5 2. Nf3 d6 3. d4 cxd4 4. Nxd4 Nf6 5. Nc3 a6 6. Be3 e5 7. Nb3 Be6 8. f3 b5 9. g4 d5 10. g5 Nxe4 11. fxe4 d4 12. Nxd4 exd4 13. Qxd4 Qa5 14. 0-0-0 Nd7 15. Kb1 Rc8 16. Bd2 Rxc3 17. Bxc3 Qxa2+ 18. Kc1 Bc5 19. Qd3 0-0 20. h3 Bc4 21. Qf3 Nb6 22. Re1 Qa1+ 23. Kd2 Rd8+ 24. Bd3 Rxd3+ 25. cxd3 Qa4 26. dxc4 b4 27. Ra1 bxc3+ 28. bxc3 Nxc4+ 29. Kd3 Ne5+ 30. Kd2 Qb5 31. Rhb1 Qd3+ 32. Kc1 Qxc3+ 33. Kd1 Qd3+ 34. Kc1 Be3+ 35. Kb2 Nc4+ 36. Ka2 Qa3# 0-1

[Event "Goiania op"]
[Site "Goiania"]
[Date "2011.09.17"]
[Round "3"]
[White "Fier, Alexandr"]
[Black "Mariano, Marceley Martins"]
[Result "1-0"]
[WhiteElo "2583"]
[BlackElo "2069"]
[PlyCount "91"]
[EventDate "2011.09.16"]
[EventType "swiss"]
[EventRounds "6"]
[EventCountry "BRA"]
[SourceTitle "EXT 2014"]
[Source "ChessBase"]
[SourceDate "2013.11.20"]
[SourceVersion "1"]
[SourceVersionDate "2013.11.20"]
[SourceQuality "1"]

1. e4 c5 2. Nf3 d6 3. d4 cxd4 4. Nxd4 Nf6 5. Nc3 a6 6. Bg5 e6 7. f4 Be7 8. Qf3 Nbd7 9. 0-0-0 Qc7 10. g4 b5 11. Bxf6 gxf6 12. f5 Ne5 13. Qh3 0-0 14. Nce2 Kh8 15. Nf4 Rg8 16. fxe6 Bxe6 17. Nd5 Bxd5 18. exd5 Rxg4 19. Bd3 Nxd3+ 20. Rxd3 Rag8 21. Rhd1 f5 22. Nxf5 Bf6 23. Rg3 Rxg3 24. hxg3 Bg5+ 25. Kb1 Rg6 26. Re1 Qd7 27. g4 h6 28. Qc3+ Kh7 29. a3 Bd8 30. Re4 Bg5 31. a4 Bd8 32. axb5 Qxb5 33. Qd2 Bg5 34. Qe2 Qxd5 35. Rd4 Qe5 36. Qxa6 Bf4 37. Qd3 Qe1+ 38. Ka2 Qa5+ 39. Kb3 Be5 40. Ra4 Qb6+ 41. Rb4 Qg1 42. Ne7 Qa1 43. c3 Qh1 44. Rb8 Qg2 45. Nxg6 fxg6 46. Qc4 1-0

[Event "Jatai op"]
[Site "Jatai"]
[Date "2011.07.30"]
[Round "4"]
[White "Mariano, Marceley Martins"]
[Black "Juliani, Sidney"]
[Result "1-0"]
[WhiteElo "2043"]
[BlackElo "1791"]
[PlyCount "125"]
[EventDate "2011.07.29"]
[EventType "swiss"]
[EventRounds "6"]
[EventCountry "BRA"]
[SourceTitle "EXT 2012"]
[Source "ChessBase"]
[SourceDate "2011.11.24"]
[SourceVersion "1"]
[SourceVersionDate "2011.11.24"]
[SourceQuality "1"]

1. e4 d5 2. exd5 Qxd5 3. Nc3 Qa5 4. d4 Nf6 5. Nf3 Bf5 6. Bc4 e6 7. Bd2 c6 8. Nd5 Qd8 9. Nxf6+ Qxf6 10. Ne5 Bd6 11. Bc3 Bxe5 12. dxe5 Qe7 13. Qe2 Nd7 14. 0-0-0 0-0 15. f3 Nb6 16. g4 Bg6 17. h4 h6 18. f4 Qc5 19. Bb3 Nd5 20. Bxd5 cxd5 21. h5 Be4 22. Rhg1 Rac8 23. g5 Kh7 24. Rg3 b5 25. Rd4 Bf5 26. a3 Rg8 27. Rd2 Qc4 28. Qxc4 Rxc4 29. Rd4 Rgc8 30. Rg2 Rxd4 31. Bxd4 hxg5 32. fxg5 a5 33. b3 a4 34. Kb2 axb3 35. cxb3 Be4 36. Rf2 Rc7 37. Bc3 Bf5 38. Rf4 Be4 39. a4 bxa4 40. bxa4 Rc4 41. Rxf7 d4 42. Be1 Rc2+ 43. Ka3 Rc8 44. h6 Rg8 45. Bd2 Bd5 46. a5 Kg6 47. Rf2 gxh6 48. gxh6 Rb8 49. Rf6+ Kh7 50. Rf7+ Kg8 51. Rg7+ Kh8 52. a6 Rb3+ 53. Ka4 Rb2 54. Bb4 d3 55. Rg3 d2 56. Rd3 Bc6+ 57. Ka3 Rc2 58. Kb3 Rc1 59. Rxd2 Bd5+ 60. Rxd5 exd5 61. a7 Rc8 62. Bd6 Ra8 63. Bb8 1-0

[Event "Brasilia-ch 51th sf3"]
[Site "Brasilia"]
[Date "2011.07.22"]
[Round "5.3"]
[White "Martins, Romildo Magalhaes"]
[Black "Mariano, Marceley Martins"]
[Result "0-1"]
[WhiteElo "2025"]
[BlackElo "2043"]
[PlyCount "70"]
[EventDate "2011.07.15"]
[EventType "swiss"]
[EventRounds "7"]
[EventCountry "BRA"]
[SourceTitle "EXT 2022"]
[Source "ChessBase"]
[SourceDate "2021.10.06"]
[SourceVersion "1"]
[SourceVersionDate "2021.10.06"]
[SourceQuality "1"]

1. e4 c5 2. c3 Nf6 3. e5 Nd5 4. d4 cxd4 5. cxd4 d6 6. exd6 Qxd6 7. Nc3 Nc6 8. Nf3 Bf5 9. a3 g6 10. Bc4 Nb6 11. Ba2 Bg7 12. Be3 Rd8 13. 0-0 0-0 14. Qe2 Bg4 15. Rfd1 Bxf3 16. Qxf3 Nxd4 17. Qxb7 Rd7 18. Qe4 e5 19. Rd2 Rfd8 20. Rad1 Qc5 21. Qh4 Nc4 22. Ne4 Nxd2 23. Nxc5 N2f3+ 24. Kf1 Nxh4 25. Bg5 Nhf5 26. Nxd7 Rxd7 27. Rc1 h6 28. Rc8+ Kh7 29. Bc1 Nd6 30. Rb8 Nc6 31. Rb3 Nf5 32. Ke1 e4 33. Bb1 Nfd4 34. Rh3 f5 35. b4 Ne5 0-1

[Event "Brasilia-ch 51th sf3"]
[Site "Brasilia"]
[Date "2011.07.15"]
[Round "1.4"]
[White "Japiassu, Ricardo de Villa No"]
[Black "Mariano, Marceley Martins"]
[Result "1-0"]
[WhiteElo "1874"]
[BlackElo "2043"]
[PlyCount "131"]
[EventDate "2011.07.15"]
[EventType "swiss"]
[EventRounds "7"]
[EventCountry "BRA"]
[SourceTitle "EXT 2022"]
[Source "ChessBase"]
[SourceDate "2021.10.06"]
[SourceVersion "1"]
[SourceVersionDate "2021.10.06"]
[SourceQuality "1"]

1. d4 Nf6 2. Bg5 Ne4 3. h4 d5 4. Nd2 Nxg5 5. hxg5 e5 6. dxe5 Qxg5 7. Ngf3 Qe7 8. Nb3 Be6 9. Qd3 c5 10. Qd2 Nc6 11. e3 a6 12. a4 g6 13. Na5 Bg7 14. Nxc6 bxc6 15. Qa5 Bg4 16. Qb6 0-0 17. Bxa6 Bxf3 18. gxf3 Qxe5 19. Rb1 d4 20. e4 Qf4 21. Ke2 Bh6 22. Rxh6 Qxh6 23. b3 Qh5 24. Bb7 Rae8 25. Bxc6 Re6 26. Qb5 Rc8 27. Bb7 Rb8 28. Qa5 Kg7 29. Qc7 Rbe8 30. Qf4 R8e7 31. Ba8 f5 32. Kd3 fxe4+ 33. Bxe4 Qh3 34. Qg3 Qh6 35. Rg1 Qh5 36. Qg5 Qh2 37. Qg3 Qxg3 38. fxg3 Kf6 39. Kc4 Rc7 40. Ra1 Ke5 41. a5 Ra6 42. Kb5 Rca7 43. Bb7 Rxb7+ 44. Kxa6 Rb4 45. Rh1 h5 46. Re1+ Kf5 47. Re7 d3 48. cxd3 Rxb3 49. Rc7 Rxd3 50. Rxc5+ Kf6 51. Rc6+ Kf7 52. Rc7+ Ke6 53. Rc6+ Kf7 54. Kb7 Rxf3 55. a6 Rxg3 56. a7 Ra3 57. Ra6 Rb3+ 58. Kc6 Rc3+ 59. Kd5 Rc8 60. a8Q Rxa8 61. Rxa8 Kf6 62. Ke4 Kg5 63. Kf3 Kh4 64. Kg2 g5 65. Ra4+ g4 66. Ra5 1-0

[Event "Rio de Janeiro zt 2.4"]
[Site "Rio de Janeiro"]
[Date "2011.06.24"]
[Round "7"]
[White "Mariano, Marceley Martins"]
[Black "Nery Junior, Jose Antonio"]
[Result "1-0"]
[WhiteElo "2043"]
[BlackElo "2017"]
[PlyCount "139"]
[EventDate "2011.06.18"]
[EventType "swiss"]
[EventRounds "9"]
[EventCountry "BRA"]
[SourceTitle "CBM 143 Extra"]
[Source "ChessBase"]
[SourceDate "2011.08.29"]
[SourceVersion "1"]
[SourceVersionDate "2011.08.29"]
[SourceQuality "1"]

1. e4 d5 2. exd5 Qxd5 3. Nc3 Qa5 4. d4 Nf6 5. Nf3 Bg4 6. h3 Qh5 7. hxg4 Qxh1 8. Ne2 g5 9. Bxg5 Ne4 10. Bf4 f5 11. Qd3 fxg4 12. Qxe4 gxf3 13. Qxf3 c6 14. Qg4 Nd7 15. Ng3 Nf6 16. Qg5 Qh2 17. Qe5 Nd5 18. Qxh8 Nxf4 19. 0-0-0 Nxg2 20. Bd3 Nf4 21. Qxh7 Qxf2 22. Nf5 Nxd3+ 23. cxd3 0-0-0 24. Qf7 Qe2 25. Rd2 Qe1+ 26. Kc2 e6 27. Ne7+ Kb8 28. Qf4+ Ka8 29. Ng6 Bb4 30. Rf2 Qg1 31. Qf6 Rg8 32. Ne5 a6 33. Nd7 Bd6 34. Re2 Bh2 35. Qxe6 Rd8 36. Qe7 Rg8 37. Nc5 Rg7 38. Qd8+ Ka7 39. a4 Rg8 40. Qf6 Bc7 41. Qf2 Qa1 42. Re7 Qh1 43. Re2 Qd5 44. Qe3 Bb6 45. Qe6 Qg5 46. Qe7 Rg7 47. Qxg5 Rxg5 48. b4 a5 49. Re7 Bxc5 50. bxc5 Rg2+ 51. Kc3 Kb8 52. Re8+ Ka7 53. d5 cxd5 54. Re5 Rg4 55. Rxd5 Rxa4 56. Rd7 Kb8 57. d4 Kc8 58. Rg7 Ra1 59. Kc4 a4 60. Rg6 Rb1 61. Rg3 b5+ 62. Kd5 b4 63. Kd6 Rh1 64. Rg8+ Kb7 65. c6+ Ka7 66. c7 Rc1 67. c8Q Rxc8 68. Rxc8 b3 69. Rc4 Kb6 70. Rxa4 1-0